Tilastot visalle Elokuvien suomenkieliset nimet

Klikkaa tästä pelataksesi tätä visaa!

Yleistilastot

  • Tätä visaa on pelattu 365 kertaa
  • Keskiarvotulos 15 / 26

Vastaustilastot

VuosiAlkuperäinen nimiSuomenkielinen nimi% Oikein
1994The Lion KingLeijonakuningas
98%
1977Star WarsTähtien sota
98%
2017ItSe
95%
2012The Hunger GamesNälkäpeli
93%
1964Mary PoppinsMaija Poppanen
89%
2010Alice in WonderlandLiisa Ihmemaassa
85%
1972The GodfatherKummisetä
82%
1985Back to the FuturePaluu tulevaisuuteen
82%
1939Gone with the WindTuulen viemää
69%
1984GhostbustersHaamujengi
66%
1976JawsTappajahai
64%
1988The Naked GunMies ja alaston ase
60%
1998Saving Private RyanPelastakaa sotamies Ryan
59%
1975One Flew Over the Cuckoo's NestYksi lensi yli käenpesän
55%
1991The Silence of the LambsUhrilampaat
52%
2008The Dark KnightYön ritari
47%
2010Despicable MeItse ilkimys
46%
1986Crocodile DundeeKrokotiilimies
39%
2001The Fast and the FuriousHurjapäät
38%
1996Mission: ImpossibleVaarallinen tehtävä
37%
1981Raiders of the Lost ArkKadonneen aarteen metsästäjät
35%
1994The Shawshank RedemptionRita Hayworth – avain pakoon
26%
1915The Birth of a NationKansakunnan synty
20%
2013Now You See MeSuuri puhallus
18%
2002The Bourne IdentityMedusan verkko
15%
1968Once Upon a Time In the WestHuuliharppukostaja
14%

Tulosjakauma

Persentiili vastausten määrän mukaan

Jokaisen tuloksen saaneiden osuus

Tuloshistoriasi

Et ole pelannut tätä visaa